|
|
|
|
| LEADER |
01716nam a22003017a 4500 |
| 001 |
AAL9141 |
| 003 |
BD-DhAAL |
| 005 |
20170514112535.0 |
| 008 |
170514m20062007E ||||| |||| 00| 0 eng d |
| 999 |
|
|
|c 38135
|d 38135
|
| 020 |
|
|
|a 9780099499480
|
| 040 |
|
|
|a BD-DhAAL
|c BD-DhAAL
|
| 082 |
|
|
|a 813/.54
|
| 100 |
|
|
|a Winegardner, Mark
|9 21537
|
| 245 |
|
|
|a Mario Puzo's The godfather's revenge
|c Mark Winegardner; Mario Puzo
|
| 260 |
|
|
|a London :
|b Arrow Books,
|c 2007
|
| 300 |
|
|
|a 580 p. ;
|c 18 cm.
|
| 541 |
|
|
|e 9141
|
| 650 |
|
|
|a Corleone family (Fictitious characters)
|v Fiction.
|9 21538
|
| 650 |
|
|
|a Mafia
|v Fiction.
|z New York (State)
|z New York
|9 21539
|
| 700 |
|
|
|a Puzo, Mario
|9 21540
|
| 852 |
|
|
|a Savar Campus Library
|c General Shelf
|
| 942 |
|
|
|2 ddc
|c BK
|
| 952 |
|
|
|0 0
|1 0
|2 ddc
|4 0
|6 813_000000000000000__54_WIN
|7 0
|9 60631
|a SCL
|b SCL
|c GEN
|d 2017-05-14
|e Tajin Boi Gar
|g 150.00
|l 12
|m 47
|o 813.54 WIN
|p 3020009141
|r 2025-09-09
|s 2025-08-10
|t 1
|w 2017-05-14
|y BK
|
| 952 |
|
|
|0 0
|1 0
|2 ddc
|4 0
|6 813_000000000000000__54_WIN
|7 0
|9 60632
|a SCL
|b SCL
|c GEN
|d 2017-05-14
|e Tajin Boi Gar
|g 150.00
|l 11
|m 21
|o 813.54 WIN
|p 3020009143
|r 2020-02-21
|s 2020-01-16
|t 2
|w 2017-05-14
|y BK
|
| 952 |
|
|
|0 0
|1 0
|2 ddc
|4 0
|6 813_000000000000000__54_WIN
|7 0
|9 60633
|a SCL
|b SCL
|c GEN
|d 2017-05-14
|e Tajin Boi Gar
|g 150.00
|l 11
|m 45
|o 813.54 WIN
|p 3020009140
|r 2026-04-12
|s 2026-02-23
|t 3
|w 2017-05-14
|y BK
|
| 952 |
|
|
|0 0
|1 0
|2 ddc
|4 0
|6 813_000000000000000__54_WIN
|7 0
|9 60634
|a SCL
|b SCL
|c GEN
|d 2017-05-14
|e Tajin Boi Gar
|g 150.00
|l 10
|m 51
|o 813.54 WIN
|p 3020009142
|r 2023-08-14
|s 2023-06-21
|t 4
|w 2017-05-14
|y BK
|
| 952 |
|
|
|0 0
|1 0
|2 ddc
|4 0
|6 813_000000000000000__54_WIN
|7 0
|9 60670
|a SCL
|b SCL
|c GEN
|d 2017-05-15
|e Tajin Boi Gar
|g 150.00
|l 9
|m 44
|o 813.54 WIN
|p 3020009144
|r 2020-02-22
|s 2020-01-16
|t 5
|w 2017-05-15
|y BK
|